=LDR 00000nam 2200000 4500 =001 INLIS000000000035228 =005 20130612141112 =008 ***********************************ind** =035 ##$$0010-061300000035228 =041 ##$$a ind =082 ##$$a 808.5 =090 ##$$a 808.5, Fuj,s =100 ##$$a Fujishin, Randy =245 ##$$a Smart Public Speaker, Seni Berbicara di Muka Umum, Randy Fujishing =260 ##$$a 2009 $b Yogyakarta =300 ##$$a ix,250 hlm., 24 cm =650 ##$$a Pidato Di Depan Umum =850 ##$$a NBPNMAT